000 00662nam a2200265Ia 4500
005 20260121171745.0
008 008 260114s9999 xx 000 0 eng d
020 _a9783030294939
037 _aEBOOK
040 _aCRL
040 _beng
040 _cCRL
041 _2eng
041 _aeng
084 _qCRL
100 _aNikolai V. Ivanov, Nicolas Sierro, Manuel C. Peitsch
_91080101
245 4 _aThe Tobacco Plant Genome
260 _bSpringer
260 _bSpringer
260 _c2020
856 _uhttps://link.springer.com/openurl?genre=book&isbn=978-3-030-29493-9
942 _cEBOOK
999 _c1645834
_d1645834